| 000 | 01493nam a2200229Ia 4500 | ||
|---|---|---|---|
| 003 | Ost | ||
| 005 | 20260507075606.0 | ||
| 008 | 260507s9999||||xx |||||||||||||| ||und|| | ||
| 020 | _a9789777332750 | ||
| 040 | _cfsecg | ||
| 041 | _aara | ||
| 082 | _a339.49 | ||
| 100 |
_aالناروز، ضياء _eمؤلف |
||
| 245 | 0 |
_aأهم قضايا الموارد الإقتصادية والتنويع الإقتصادي : _bالمشكلة الاقتصادية - مصادر الطاقة وأنواعها - النفط - الفحم - الغاز الطبيعي - التنمية المستدمة - الاقتصاد الأخضر - التنويع الإقتصادي / _c ضياء الناروز |
|
| 260 |
_aالإسكندرية: _bدار التعليم الجامعي, _c2019 |
||
| 300 |
_a256 صفحة؛ _bإيضاحات ؛ _c24 سم |
||
| 504 | _aالمراجع ص.241 | ||
| 520 | _aتحدث الكتاب عن أهم قضايا الموارد الإقتصادية والتنويع الإقتصادي حيث تطرق الى المشكلة الاقتصادية والى مصادر الطاقة وأنواعها - النفط - الفحم - الغاز الطبيعي، والى تغير المناخ وحتمية استخدام الطاقة المتجددة، كما تناول التنمية المستدمة و الاقتصاد الأخضر وأخيرا التنويع الإقتصادي. | ||
| 653 | _aالموارد الإقتصادية | ||
| 653 | _aمصادر الطاقة | ||
| 942 | _cكتاب | ||
| 999 |
_c45042 _d45042 |
||